| 000 | 02516nam a2200385Ia 4500 | ||
|---|---|---|---|
| 001 | dia_857 | ||
| 003 | CHAP | ||
| 005 | 20251030141232.0 | ||
| 007 | ta | ||
| 008 | 220117s1990 mx d frm 001 0 spa d | ||
| 010 | _a171406 | ||
| 040 |
_cCHAP _amxchpua _erda |
||
| 041 | 0 |
_aspa _bspa |
|
| 090 |
_aTesis _bT74 _c1990 |
||
| 100 | 1 | _aTrejo Martínez, Marco Antonio | |
| 245 | 1 | 3 |
_aAplicación de la regresión múltiple para caracterizar el consumo de fresa (Fragaria vesca) en México / _cMarco Antonio Trejo Martínez |
| 264 |
_aChapingo, México : _bEl autor, _c1990 |
||
| 300 |
_aiii, 123 hojas : _bgráficas, diagramas, tablas |
||
| 336 |
_2rdacontent _atexto _btxt |
||
| 337 |
_2rdamedia _ano mediado _bn |
||
| 338 |
_2rdacarrier _avolumen _bnc |
||
| 502 |
_aTesis _b(Ingeniero Agroindustrial) -- _cUACh. Departamento de Ingeniería Agroindustrial, _d1990 |
||
| 504 | _aBibliografía: hojas 92-94 | ||
| 520 | 3 | _aEl presente trabajo de investigación esta genmarcado en el contexto del mercado nacional de la fresa, dirigido a identificación de los distintos factores que influyen en el consumo aparente de este bien. Las herramientas estadístico-económicas fueron el eje principal para que el logro de los objetivos. Un modelo hipotético que involucraba al consumo aparente como Ia variable a explicar y otras, en el lugar de las variables explicatorias, fue sometido al procedimiento STEPWISE S.A.S. para seleccionar el mejor modelo. El modelo al seleccionado establece una relación que explica el consumo aparente a través de las de variables: población total, población económicamente activa, tipo de cambio, rendimiento y producción. La inferencia estadística reveló que cada uno de los parámetros tiene una influencia significativa sobre la variable dependiente. De igual manera mostró que el modelo se ajusta con un alto grado de significancia. A través del cálculo de elasticidades y tasas de cambio se obtuvo el orden de importancia de cada una de Ias variables explicatorias por su efecto sobre el consumo aparente. | |
| 650 | 1 | 3 |
_aFresas _2atg _xConsumo de fruta |
| 650 | 1 | 3 |
_aStrawberries _2atg _xFruit consumption |
| 700 | 1 |
_aPortillo Vázquez, Marcos _edirector |
|
| 700 | 1 |
_aSantoyo Cortés, Vinicio Horacio _easesor |
|
| 700 | 1 |
_aVence Garduño, Javier _easesor |
|
| 901 | _aTESIS T74 1990 | ||
| 902 | _aM | ||
| 905 | _a0000001990 mx 0000000000spa00 | ||
| 942 |
_cTESIS _2Clasificación Universidad Autónoma Chapingo |
||
| 999 |
_c171406 _d171406 |
||